Statistics for British Comedians by Picture (#1)

Click here to take the quiz!

General Stats

  • This quiz has been taken 54 times
  • The average score is 10 of 16

Answer Stats

Answer% Correct
Jimmy Carr
85%
Dawn French
81%
Michael McIntyre
74%
Peter Kay
74%
Sarah Millican
68%
Billy Connolly
66%
Ronnie Corbett
66%
Noel Fielding
64%
Romesh Ranganathan
62%
Al Murray
62%
Russell Howard
62%
James Acaster
55%
Sean Lock
49%
Victoria Wood
49%
Milton Jones
38%
Zoe Lyons
30%

Score Distribution

Percentile by Number Answered

Percent of People with Each Score

Your Score History

You have not taken this quiz